006460000a22001690004500090001400000245006400014650002000078650001700098650002500115653002900140041001300169100002700182942001300209773004800222999001500270952019100285 aARb0020710aZur kenntnis des iranischen Wüstenwarans, Varanus griseus14aReptiles99276714aFauna99259414aHerpetología98027 gVaranuseVaranus griseus0 aAlemán1 aMertens, Robert993053 cARTICULO1 tBonn. Zool. Beitr.31116h24q233-236d1973 c9306d9306 001040718HEMEROTECAaBogotabBogotad2015-02-27eInstituto de Ciencias NaturaleshFuera de circulaciónl0oAR 00207p010446r2015-03-25 00:00:00t1w2015-03-25xDonaciónyARTICULO